Modern constitutions at work / (Record no. 11424)
[ view plain ]
| 000 -LEADER | |
|---|---|
| fixed length control field | 00397cam a2200157ua 4500 |
| 041 ## - LANGUAGE CODE | |
| Language code of text/sound track or separate title | eng |
| 082 ## - DEWEY DECIMAL CLASSIFICATION NUMBER | |
| Classification number | 342.02 |
| Item number | SHA/MO |
| 100 ## - MAIN ENTRY--AUTHOR NAME | |
| Personal name | Sharma, Indra D . |
| 245 ## - TITLE STATEMENT | |
| Title | Modern constitutions at work / |
| 250 ## - EDITION STATEMENT | |
| Edition statement | 1 / |
| 260 ## - PUBLICATION, DISTRIBUTION, ETC. (IMPRINT) | |
| Place of publication | Mumbai : |
| Name of publisher | Asia Publishing House , |
| Year of publication | 1962. |
| 300 ## - PHYSICAL DESCRIPTION | |
| Number of Pages | 552 ; . |
| 942 ## - ADDED ENTRY ELEMENTS (KOHA) | |
| Koha item type | Books |
| Withdrawn status | Lost status | Damaged status | Home library | Current library | Date acquired | Full call number | Accession Number | Koha item type |
|---|---|---|---|---|---|---|---|---|
| Withdrawn | KAUAET | KAUAET | 07/04/2012 | 342.02 | 2590 | Books |
